BTS Please - Lyrics - Statistics

General Stats
  • This quiz has been taken 2 times
  • The average score is 120 of 297
Answer Stats
Lyrics % Correct
a
100%
I
100%
is
100%
please
100%
please)
100%
(Please)
100%
you
100%
You
100%
All
50%
all
50%
and
50%
Baby,
50%
baby,
50%
come
50%
day
50%
day,
50%
day)
50%
do
50%
for
50%
from
50%
just
50%
me
50%
me,
50%
mine
50%
my
50%
need
50%
night
50%
oh,
50%
Oh,
50%
(Oh,
50%
on
50%
(On
50%
(Ooh,
50%
ooh)
50%
the
50%
want
50%
(Yeah)
50%
Yeah,
50%
(Yeah,
50%
yeah)
50%
(Ayy)
0%
back,
0%
down
0%
even
0%
front,
0%
get
0%
(Girl,
0%
got
0%
(Ha-ha)
0%
hell,
0%
Hold
0%
If
0%
if
0%
I'll
0%
I'm
0%
knees
0%
knees)
0%
know
0%
left,
0%
like
0%
now,
0%
right
0%
sip
0%
that)
0%
thing
0%
thing—
0%
wanna,
0%
wanna
0%
worst
0%
worst,
0%
No matching quizzes found
Score Distribution
Percent of People with Each Score
Percentile by Number Answered
Your Score History
You have not taken this quiz